| 000 | 00547nam a22001817a 4500 | ||
|---|---|---|---|
| 005 | 20260428121951.0 | ||
| 008 | 260428b |||||||| |||| 00| 0 eng d | ||
| 020 | _a978-1-29203-920-6 | ||
| 050 | _aJF 1525 .P67 K56 2014 | ||
| 100 | _aKINGDON, JOHN W. | ||
| 245 | _aAGENDAS, ALTERNATIVES, AND PUBLIC POLICIES. | ||
| 250 | _a2ND | ||
| 260 |
_aEDINBURG GATE, _bPEARSON EDUCATION LIMITED, _c2014. |
||
| 300 | _a235 P, ILL | ||
| 500 | _aINCLUDES INDEX. | ||
| 650 | _a1. POLITICAL PLANNING- UNITED STATES 2. POLICY SCIENCES | ||
| 942 |
_2lcc _cBK |
||
| 999 |
_c217061 _d217061 |
||